00774nam a22002297a 450000500170000001000130001702000220003003500130005203700160006504000120008108200130009310000240010624500500013026000420018027000540022230000160027665000550029265000360034794200220038399900190040595201200042420170124105944.0 aA-790971 a8170542195c00.00 aA-790971 bCen Lib/Ret aDPLbEN a332bLEK aLekhi, R. K.912009 aFinancial relation in India /cby R. K. Lekhi aNew DelhibClassical Publishingc1996 a28, Shopping Center, KarampurabNew Delhie110015 a119p.c20cm aIntergovernmental fiscal relations -- India912010 aFinance, Public -- India912011 2ddccENh332mLEK c124808d124808 00104070aLbLd2015-06-18eCen Lib/Retg0.00l0o332 LEKpA-790971r2015-06-18 00:00:00t1v0.00w2015-06-18yEN